000
00279nam a22001337a 4500
008
170407b xxu||||| |||| 00| 0 eng d
020
_a
9780781723671
041
_a
eng
080
_a
616
100
_a
9
101
_a
SHM
245
_a
[ATHOLOGY
_c
DAMNJANOV.I
942
_2
udc
_c
BK
999
_c
10277
_d
10277